Southville International School and Colleges
Your cart is empty.
  • Cart
  • Lists
    Public lists Eva Luna New books Lux_list list_1
    Your lists Log in to create your own lists
  • Log in to your account
  • Your cookies
  • Search history
Southville International School and Colleges
  • Advanced search
  • Recent comments
  • Most popular
  • Libraries

Log in to your account

Log in with GOOGLE


If you do not have an external account, but do have a local account, you can still log in:

  1. Home
  2. MARC view: Filway's Philippine almanac /
Normal view MARC view ISBD view

Filway's Philippine almanac / (Record no. 305858)

[ view plain ]
MARC details
000 -LEADER
fixed length control field 00609nam a2200229Ia 4500
008 - FIXED-LENGTH DATA ELEMENTS--GENERAL INFORMATION
fixed length control field 170203s9999 xx 000 0 und d
020 ## - INTERNATIONAL STANDARD BOOK NUMBER
International Standard Book Number 9711211564
050 ## - LIBRARY OF CONGRESS CALL NUMBER
Classification number 0 30
050 ## - LIBRARY OF CONGRESS CALL NUMBER
Item number F489 1991
245 ## - TITLE STATEMENT
Title Filway's Philippine almanac /
245 ## - TITLE STATEMENT
Statement of responsibility, etc Filway Marketing, Inc.
260 ## - PUBLICATION, DISTRIBUTION, ETC. (IMPRINT)
Place of publication, distribution, etc Makati, Metro Manila, Philippines :
260 ## - PUBLICATION, DISTRIBUTION, ETC. (IMPRINT)
Name of publisher, distributor, etc Filway Marketing,
260 ## - PUBLICATION, DISTRIBUTION, ETC. (IMPRINT)
Date of publication, distribution, etc 1991
300 ## - PHYSICAL DESCRIPTION
Extent 581 pages :
300 ## - PHYSICAL DESCRIPTION
Other physical details illustrations (some color), maps ;
300 ## - PHYSICAL DESCRIPTION
Dimensions 29 cm.
650 ## - SUBJECT ADDED ENTRY--TOPICAL TERM
Topical term or geographic name as entry element Almanacs, Philippine.
650 ## - SUBJECT ADDED ENTRY--TOPICAL TERM
Topical term or geographic name as entry element Philippines --
650 ## - SUBJECT ADDED ENTRY--TOPICAL TERM
Topical term or geographic name as entry element Philippines.
650 ## - SUBJECT ADDED ENTRY--TOPICAL TERM
General subdivision Miscellanea.
Holdings
Withdrawn status Lost status Damaged status Home library Current library Shelving location Date acquired Total Checkouts Full call number Barcode Date last seen Price effective from Koha item type
      Stonyhurst Southville International School (Batangas) Stonyhurst Southville International School (Batangas)   02/03/2017   Ref. 0 30 .F489 1991 US- 0742 02/03/2017 02/03/2017 Books

Filway's Philippine almanac /

APA

Filway's Philippine almanac. Makati, Metro Manila, Philippines: .

Chicago

Filway's Philippine almanac. Makati, Metro Manila, Philippines: .

Harvard

Filway's Philippine almanac. Makati, Metro Manila, Philippines: .

MLA

Makati, Metro Manila, Philippines: . .

  • Place hold
  • Print
  • Cite
  • Add to your cart (remove)
  • Save record
    BIBTEX Dublin Core MARCXML MARC (non-Unicode/MARC-8) MARC (Unicode/UTF-8) MARC (Unicode/UTF-8, Standard) MODS (XML) RIS
  • More searches
    Search for this title in:
    Other Libraries (WorldCat) Other Databases (Google Scholar) Online Stores (Bookfinder.com) Open Library (openlibrary.org)

Exporting to Dublin Core...

SOUTHVILLE LIBRARY

Southville International School and Colleges Library

1281 Tropical Ave. Cor. Luxembourg St., BF Homes International, Las Pinas City

Tel. No. 8256374 / 252358 Loc. 117/146

Powered by Koha